[Event "Veliko Gradiste Silver Lake op-A"]
[Site "Veliko Gradiste"]
[Date "2021.06.26"]
[Round "5"]
[White "Rajveer, Pinkesh Nahar"]
[Black "Katic, Goran"]
[Result "1-0"]
[WhiteElo "1598"]
[BlackElo "1963"]
[PlyCount "78"]
[EventDate "2021.06.23"]
[EventType "swiss"]
[EventRounds "9"]
[EventCountry "SRB"]
[SourceTitle "CBM 203 Extra"]
[Source "ChessBase"]
[SourceDate "2021.09.30"]
[SourceVersion "1"]
[SourceVersionDate "2021.09.30"]
[SourceQuality "1"]

1. e4 c6 2. d4 d5 3. Nc3 dxe4 4. Nxe4 Bf5 5. Ng3 Bg6 6. Nh3 h6 7. Bc4 e6 8. Nf4 Bh7 9. 0-0 Nf6 10. Re1 Nd5 11. Bxd5 cxd5 12. c4 Bd6 13. Qa4+ Kf8 14. cxd5 Bxf4 15. Bxf4 Qxd5 16. Bxb8 Rxb8 17. Qxa7 Ke7 18. Re5 Qd6 19. Rae1 Rhc8 20. d5 Rc1 21. Rxc1 Qxe5 22. Qc5+ Qd6 23. Qc7+ Qxc7 24. Rxc7+ Kf6 25. d6 b5 26. f3 Bg6 27. d7 Rd8 28. Ne4+ Bxe4 29. fxe4 Ke5 30. Rb7 Kxe4 31. h3 f5 32. Kf2 g5 33. Rxb5 Rxd7 34. a4 Rd2+ 35. Kf1 f4 36. Rb4+ Ke3 37. Rb3+ Ke4 38. a5 h5 39. a6 g4 1-0

[Event "Veliko Gradiste Silver Lake op-A"]
[Site "Veliko Gradiste"]
[Date "2021.06.24"]
[Round "2"]
[White "Kandjolas, Konstantin"]
[Black "Rajveer, Pinkesh Nahar"]
[Result "1/2-1/2"]
[WhiteElo "2017"]
[BlackElo "1598"]
[PlyCount "72"]
[EventDate "2021.06.23"]
[EventType "swiss"]
[EventRounds "9"]
[EventCountry "SRB"]
[SourceTitle "CBM 203 Extra"]
[Source "ChessBase"]
[SourceDate "2021.09.30"]
[SourceVersion "1"]
[SourceVersionDate "2021.09.30"]
[SourceQuality "1"]

1. d4 Nf6 2. c4 g6 3. Nc3 Bg7 4. e4 d6 5. Nf3 Nbd7 6. Be2 0-0 7. 0-0 e5 8. Be3 Re8 9. d5 Ng4 10. Bg5 f6 11. Bd2 g5 12. Nxg5 Nxf2 13. Rxf2 fxg5 14. Be3 h6 15. Bg4 Nf6 16. Bxc8 Rxc8 17. Rf5 Qd7 18. Qd3 Rf8 19. Raf1 Rf7 20. Ne2 c6 21. Ng3 cxd5 22. cxd5 Rff8 23. R5f2 a6 24. h3 Qa4 25. b3 Qb4 26. Rc2 Qb5 27. Qxb5 axb5 28. Rfc1 Rxc2 29. Rxc2 Rf7 30. Rc8+ Kh7 31. Rd8 Bf8 32. Bd2 Kg6 33. Bb4 Be7 34. Rb8 Bf8 35. Rd8 Be7 36. Rb8 Bf8 1/2-1/2

[Event "Dubai HOC blitz op"]
[Site "Dubai"]
[Date "2019.08.11"]
[Round "3"]
[White "Pranav, Vijay"]
[Black "Rajveer, Pinkesh Nahar"]
[Result "1-0"]
[WhiteElo "2201"]
[BlackElo "1070"]
[PlyCount "69"]
[EventDate "2019.08.11"]
[EventType "swiss (blitz)"]
[EventRounds "9"]
[EventCountry "UAE"]
[SourceTitle "EXT 2020"]
[Source "ChessBase"]
[SourceDate "2019.10.17"]
[SourceVersion "1"]
[SourceVersionDate "2019.10.17"]
[SourceQuality "1"]

1. e4 e5 2. Nf3 Nc6 3. Nc3 Nf6 4. Bb5 Bb4 5. 0-0 d6 6. d4 0-0 7. Bg5 h6 8. Bxf6 Qxf6 9. Nd5 Qd8 10. Bxc6 exd4 11. Nxb4 bxc6 12. Nxc6 Qe8 13. Ncxd4 Qxe4 14. Re1 Qg6 15. Nc6 Qf6 16. Qd4 Qxd4 17. Nfxd4 Bd7 18. Re7 Bxc6 19. Nxc6 Rfc8 20. b4 Kf8 21. a4 a5 22. b5 g6 23. Rae1 h5 24. Kf1 Kg7 25. Rd7 Kf6 26. Ree7 Re8 27. Rxf7+ Kg5 28. f4+ Kg4 29. Kf2 Re4 30. h3+ Kh4 31. Rde7 Rxa4 32. Re1 Rc4 33. g3+ Kxh3 34. Rh1+ Kg4 35. Rh4# 1-0